| 000 | 01119nac a22003017a 4500 | ||
|---|---|---|---|
| 001 | BR8600055 | ||
| 003 | BR-BrBNA | ||
| 005 | 20240105120346.0 | ||
| 008 | 230509b bl.|||m| |||| 00| 0 por d | ||
| 040 |
_aBR-BrBNA _bpor _cBiblioteca Nacional de Agricultura |
||
| 072 | _aF30 | ||
| 090 | _a0150 BR8600055 | ||
| 100 | 1 | _aBazoni, R. | |
| 110 | 1 | _aEmpresa de Pesquisa, Assistencia Tecnica e Extensao Rural de Mato Grosso do Sul, Campo Grande (Brasil) | |
| 245 | 1 | _aIntroducao e avaliacao de germoplasma de arroz de sequeiro no Mato Grosso do Sul | |
| 246 | 1 | _aIntroduction and evaluation of upland rice germplasm in Mato Grosso do Sul | |
| 260 | 3 |
_aCampo Grande, MS (Brasil): _c1985. |
|
| 300 | _a9 p. | ||
| 490 |
_aPesquisa em Andamento - Empresa de Pesquisa, Assistencia Tecnica e Extensao Rural de Mato Grosso do Sul (Brazil) _vno. 16 _xISSN 0101-9651 |
||
| 500 | _a6 tables | ||
| 650 | _aARROZ SEQUEIRO | ||
| 650 | _aLINHAGEM | ||
| 650 | _aGERMOPLASMA | ||
| 650 | _aINTRODUCAO DE PLANTA | ||
| 650 | _aMATO GROSSO DO SUL | ||
| 909 |
_a202312 _bLúcia Elande _c55 _dLúcia Elande |
||
| 942 |
_2AGRIS _n0 _cMS |
||
| 999 |
_c279061 _d279061 |
||